| 000 | 00506nam a2200169 i 4500 | ||
|---|---|---|---|
| 001 | 120301 | ||
| 003 | ES-MaACL | ||
| 005 | 20230906191522.0 | ||
| 007 | t| | ||
| 008 | 070214s1946 sp a |||| | spa d | ||
| 245 | 0 | 0 |
_aPoesía española actual / _cselección y prólogo de Alfonso Moreno. |
| 260 |
_aMadrid : _bEditora Nacional, _c1946. |
||
| 300 |
_aVIII, 731 p. : _bil. ; _c19 cm. |
||
| 650 | 4 |
_aPoesías españolas- _yS.XX. _916221 |
|
| 700 | 1 |
_aMoreno, Alfonso. _983263 |
|
| 852 |
_aES-MaACL _jF-10100 |
||
| 999 |
_c120301 _d120301 |
||